| 000 | 00526 a2200181 4500 | ||
|---|---|---|---|
| 003 | OSt | ||
| 005 | 20240122093214.0 | ||
| 008 | 240122b |||||||| |||| 00| 0 eng d | ||
| 020 | _a9788182719583 | ||
| 040 | _coclc | ||
| 082 |
_a297 _bKAB/S |
||
| 100 |
_aKabeer, V A _91846 |
||
| 245 |
_aSwavargarathi Liberal Rogathurathayude Ulpannam / _cV.A. Kabeer |
||
| 250 | _a2nd ed. | ||
| 260 |
_aKozhikode: _bIslamic Publishing House, _c2021. |
||
| 300 | _a136p. | ||
| 942 |
_2ddc _cBK _h297 _iKAB/S _k297 _mKAB/S |
||
| 999 |
_c43279 _d43279 |
||